01436nam a2200301 i 4500003000900000005001700009007000300026008004100029020001800070040003000088041000800118082002500126100006100151245010200212264007600314300002800390336002700418337003400445338002800479500007100507505028200578590002700860650002700887650002600914942001400940952016300954999001701117DO-SdBNP20251127122916.0ta250923b2011 dr ||||| |||| 00| 0 spa d a9789945473520 aDO-SdBNPbspacBNPHUerda aspa 4aRD863.44bG277t 222 aGautier, Manuel Salvador,d1930-20214aut.929016eautor14aTres cosas te ofrezco /cManuel Salvador Gautier ; corrección de estilo, Manuel Campos Navarro. aSanto Domingo, República Dominicana : bEditorial Santuario, c2011. a198 páginas ;c23 cm. atextobtxt2rdacontent asin mediación bn2rdamedia avolumenbnc2rdacarrier aIncluye datos biográficos del autor en la solapa de la cubierta. aDeportado, 13 -- Acomodo, 23 -- Intríngulis, 33 -- Toques, 43 -- Mientras, 55 -- Guagua, 79 -- Motoconcho, 89 -- Problemas, 103 -- Signos, 115 -- Aclaraciones, 137 -- Din Din Don, 147 -- Posicionamiento, 159 -- Pendiente, 173 -- Glosario de palabras y frases extranjeras, 193 aInventariado, 2025 /LP 4aNovela dominicana9223 aLiteratura dominicana 2ddccLBS1 00102ddc51708PDaBNPHUbBNPHUcHDd2023-09-26eDonado por Bienvenido Brito l0oxxx G277t p2025-10777r2025-09-23w2025-09-23yLBS1zInventariado 2025/LP c59900d59900